| 000 | 00890nas a2200277 4500 | ||
|---|---|---|---|
| 001 | BR2012003184 | ||
| 003 | BR-BrBNA | ||
| 005 | 20231205120656.0 | ||
| 007 | ta | ||
| 008 | 230509b bl.|||p| |||| 00| 00por d | ||
| 040 |
_aBR-BrBNA _bpor _cBiblioteca Nacional de Agricultura |
||
| 041 | _a(Pt) | ||
| 072 | _aJ11 | ||
| 100 | 1 | _aLisbôa, C.G.C. de | |
| 100 | 1 | _aFigueirêdo, R.M.F. de | |
| 100 | 1 | _aQueiroz, A.J. de M. | |
| 245 | 1 | _aArmazenamento de figo-da-índia em pó | |
| 650 | _aOPUNTIA FICUS-INDICA | ||
| 650 | _aACONDICIONAMENTO | ||
| 650 | _aEMBALAGEM | ||
| 650 | _aVIDA-DE-PRATELEIRA | ||
| 773 | 0 |
_tRevista Brasileira de Engenharia Agrícola e Ambiental (Brazil) _xISSN 1807-1929 _g(Fev 2012), v.16(2) p. 216-221 _wBR2012003184 |
|
| 856 | 4 | 0 | _uhttp://www.agriambi.com.br/revista/v16n02/v16n02a13.pdf |
| 909 |
_a202311 _bLúcia _c55 _dLúcia Elande |
||
| 942 |
_2AGRIS _n0 _cANA |
||
| 999 |
_c219712 _d219712 |
||